| 000 | 00790nam a2200193 a 4500 | ||
|---|---|---|---|
| 008 | 120416s2004 ||||||||||||||||| || u | ||
| 050 | _aIBRD(06)DD/2004/2 | ||
| 100 | _aManning, Nick | ||
| 245 | 1 | 0 | _aInternational public administration reform: implications for the Russian Federation |
| 260 |
_aWashington, D.C. _bWorld Bank _c2004 |
||
| 350 | _a0.00 | ||
| 490 | _aDirections in development | ||
| 650 | _aCIVIL SERVICE REFORM--RUSSIA (FEDERATION) | ||
| 650 | _aPUBLIC ADMINISTRATION--CROSS-CULTURAL STUDIES | ||
| 650 | _aCIVIL SERVICE REFORM--CROSS-CULTURAL STUDIES | ||
| 700 | _aParison, Neil | ||
| 710 | _aWorld Bank | ||
| 995 |
_D0.00 _FCBU-MAIN LIBRARY (Kitwe) _H1 _I0.00 _M1 _UAVAILABLE _WDec 14, 2007 _ZInternational Publications |
||
| 999 |
_c47469 _d47469 |
||